000 00589nam a2200181Ia 4500
008 100920s9999 xx 000 0 und d
082 _b27490
_a491.462 थ 73
100 _aप्रभू बबन.
245 _aपळा पळा ,कोण पुढे पळे तो !.
260 _b---
_c1973
300 _a99
_bसाधी
365 _b6
520 _aनाटक.
630 _aपळा पळा ,कोण पुढे पळे तो !.
650 _aनाटक.
730 _aपळा पळा ,कोण पुढे पळे तो !.
942 _cBOOK
999 _c684302
_d684299